Zaključinja iz IV. Midžinarodnoho kongresu rusyn'skoho jazŷka Prjašiv, 23. - 25. 9. 2015

Bibliographic Details
Format: Article
Language:Ukrainian
ISSN:1339-5505
Subjects:
Online Access:http://narodny-novynky.presov.sk
http://www. rusynacademy.sk

MARC

LEADER 00000nab a2200000 a 4500
001 vtls011425050
003 SK-MaSNL
005 20260318114312.0
008 151130c2015 xo mr p 000 c0ukr
015 |a SNBRB2015/11 
038 |a SVKPOCL 
040 |a SVKPOCL  |b slo  |c SVKPOCL  |e AACR2 
041 0 |a ukr 
044 |a xo  |c SK 
080 |a 80(=16)+908(4)  |2 2011 
080 |a 80(=161.25)+908(437.6)  |2 2011 
080 |a 316.022.4(=161.25)(100)  |2 2011 
080 |a 811.161.25  |2 2011 
080 |a 005.745  |2 2011 
080 |a (062.536)  |2 2011 
245 0 0 |a Zaključinja iz IV. Midžinarodnoho kongresu rusyn'skoho jazŷka Prjašiv, 23. - 25. 9. 2015 
610 2 7 |a Prešovská univerzita v Prešove.  |b Ústav rusínskeho jazyka a kultúry  |2 svkpocl  |9 132119 
611 2 7 |a Medzinárodný kongres rusínskeho jazyka  |n (4. :  |d 2015 :  |c Prešov, Slovensko)  |2 svkpocl  |9 1090296 
648 7 |a 23.-25.9.2015  |2 svkpocl  |9 1105940 
650 0 7 |a Rusíni  |2 svkpocl  |9 4087 
650 0 7 |a slavistika  |2 svkpocl  |9 4282 
650 0 7 |a rusinistika  |2 svkpocl  |9 90871 
650 0 7 |a rusínčina  |2 svkpocl  |9 51510 
650 0 7 |a kongresy  |2 svkpocl  |9 19200 
651 7 |a Prešov (Slovensko)  |2 svkpocl  |9 17347 
655 7 |a závery  |2 svkpocl  |9 62812 
655 7 |a články z novín a časopisov  |2 svkpocl  |9 267496 
773 0 |t Narodnŷ novynkŷ  |g Roč. XXV, č. 10 (2015), s. 2  |x 1339-5505 
852 |a SVKPO  |b KIS3GCP 
856 4 1 |u http://narodny-novynky.presov.sk 
856 4 1 |u http://www. rusynacademy.sk 
958 |a RN 
958 |a SK 
958 |a SS 
999 |c 3344950  |d 3346880